O : a prayer book /

An incantation and repetition of prayers, marks the introduction to a young man's isolated, creatively-stifled existence. Deluded by the stagnating mythology of great European modernist artists, he escapes the drudgery of the supermarket nightshift but not his perverse imagination. He travels t...

Full description

Bibliographic Details
Main Author: Hasler, Samuel
Corporate Author: Book Works (Organization)
Other Authors: Everall, Gavin, Wills, Camilla
Format: Book
Language:English
Published: London : Book Works, [2014]

MARC

Tag First Indicator Second Indicator Subfields
LEADER 00000cam a2200000Ma 4500
001 in00003515813
005 20151206124133.0
008 140318s2014 enko 000 0 eng d
020 |a 9781906012557 
020 |a 1906012555 
035 |a (OCoLC)ocn884496203 
035 |a (OCoLC)884496203 
040 |a EUX  |b eng  |c EUX  |d OCLCO  |d YDXCP  |d TXA  |d UtOrBLW 
049 |a TXAM 
050 4 |a PR6108.A86  |b O2 2014 
082 0 4 |a 823/.92  |2 23 
100 1 |a Hasler, Samuel. 
245 1 0 |a O :  |b a prayer book /  |c Samuel Hasler ; [edited by Gavin Everall and Camilla Wills]. 
246 3 0 |a Prayer book 
264 1 |a London :  |b Book Works,  |c [2014] 
264 4 |c ©2014 
300 |a 115 pages :  |b photograph ;  |c 18 cm. 
336 |a text  |b txt  |2 rdacontent 
337 |a unmediated  |b n  |2 rdamedia 
338 |a volume  |b nc  |2 rdacarrier 
500 |a Title from cover. 
500 |a "Published ... in association with Chapter, Cardiff"--Colophon. 
500 |a One black and white photograph on back cover. 
520 |a An incantation and repetition of prayers, marks the introduction to a young man's isolated, creatively-stifled existence. Deluded by the stagnating mythology of great European modernist artists, he escapes the drudgery of the supermarket nightshift but not his perverse imagination. He travels to Moscow and Venice on a journey that causes reflection on his romantic ideas; his desire for a wild, bohemian life; his crude libido; and his increasing doubts about his faith. The book operates as both a story and as a material context for a body of work; a spine connecting performances, readings, installations and printing.- Publisher's description. 
700 1 |a Everall, Gavin. 
700 1 |a Wills, Camilla. 
710 2 |a Book Works (Organization) 
994 |a C0  |b TXA 
948 |a cataloged  |b h  |c 2014/11/13  |d c  |e jlanham  |f 10:14:49 am 
999 |a MARS 
999 f f |s 651b5894-0eb7-31b7-a36e-b480a2c917d3  |i babf7aaa-c8dd-369a-921e-1f6847037334  |t 0 
952 f f |p normal  |a Texas A&M University  |b College Station  |c Sterling C. Evans Library  |d Evans: Library Stacks  |t 0  |e PR6108.A86 O2 2014  |h Library of Congress classification  |i unmediated -- volume  |m A14840357046 
998 f f |a PR6108.A86 O2 2014  |t 0  |l Evans: Library Stacks